Random Spongebob Questions #1 - Statistics

General Stats
  • This quiz has been taken 60 times
  • The average score is 2 of 6
Answer Stats
Hint Answer % Correct
What is the name of the character famous for getting hurt and saying, "My leg!" Fred
89%
What is the sweater Spongebob gives Squidward made out of? Eyelashes
80%
What is Mr. Krabs's middle name? Harold
24%
On which day is Annoy Squidward Day? February 15
20%
What is Plankton's full name? Sheldon James Plankton
13%
For the Dirty Bubble challenge, how many times (in a row) do you have to hit paddle-ball to win? 29,998,559,671,349
7%
No matching quizzes found
Score Distribution
Percent of People with Each Score
Percentile by Number Answered
Your Score History
You have not taken this quiz